LIBRARY & INFORMATION CENTRE, KCAET, TAVANUR

ONLINE PUBLIC ACCESS CATALOGUE (OPAC)

Hand book Agricultural Machinery Terminology / (Record no. 10275)

MARC details
000 -LEADER
fixed length control field 00286cam a2200109ua 4500
020 ## - INTERNATIONAL STANDARD BOOK NUMBER
ISBN 81 7061 022 2
082 ## - DEWEY DECIMAL CLASSIFICATION NUMBER
Classification number 028.71631
Item number BUR/HA
245 ## - TITLE STATEMENT
Title Hand book Agricultural Machinery Terminology /
260 ## - PUBLICATION, DISTRIBUTION, ETC. (IMPRINT)
Place of publication :
Name of publisher Buraeu of Indian standards ,
Year of publication 1989.
300 ## - PHYSICAL DESCRIPTION
Number of Pages 88 ; .
942 ## - ADDED ENTRY ELEMENTS (KOHA)
Koha item type Books
Holdings
Withdrawn status Lost status Damaged status Home library Current library Date acquired Full call number Accession Number Koha item type
      KAUAET KAUAET 07/04/2012 028.71631 16551 Standards
free website counter